| 000 | 00831nam a2200277Ia 4500 | ||
|---|---|---|---|
| 001 | Para_9288 | ||
| 003 | CHAP | ||
| 008 | 220125s2006 xx 000 0 und d | ||
| 010 | _a208026 | ||
| 040 | _cCHAP | ||
| 082 | _aPA 630.717 F6 2006 | ||
| 111 |
_aForo de servicio universitario (8:2006:Chapingo, Méx.) _942441 |
||
| 245 |
_aMemoria / _c por Universidad Autónoma Chapingo |
||
| 260 |
_aChapingo, Méx. : _b Universidad Autónoma Chapingo |
||
| 300 | _a299 p. | ||
| 650 |
_aAyuda técnica agrícola _9174219 |
||
| 650 |
_aExtension agrícola _x Congresos _939155 |
||
| 650 |
_aServicio social _x Congresos _9105317 |
||
| 901 | _aPA 630.717 F6 2006 | ||
| 902 | _aM | ||
| 905 | _a0000002006 in 0000000000 00 | ||
| 910 | _a2006 | ||
| 942 | _cPARA | ||
| 942 |
_cPARA _d1 |
||
| 999 |
_c208026 _d208026 |
||